000 00794nam a2200253 i 4500
001 3149768
003 OSt
005 20230627113515.0
008 780626s1976 ug 000 0 eng
010 _a 73980296
040 _aDLC
_cDLC
_dDLC
043 _af------
082 0 0 _a335
_bJER
100 1 _aJerome, Abraham,
_d1935-
245 1 2 _aA solution to Africa's political and economic problems from 1975 to the year 2005 /
_cW. A. Jerome.
260 _aKampala :
_bEast African Literature Bureau,
_c1976.
300 _av, 175 p. ;
_c19 cm.
490 0 _aHis National agrarianism ; v. 3
651 0 _aAfrica
_xEconomic policy.
651 0 _aAfrica
_xSocial policy.
651 0 _aAfrica
_xPolitics and government.
906 _a7
_bcbc
_corignew
_d3
_encip
_f19
_gy-gencatlg
942 _2ddc
_cBK
999 _c2843
_d2843